[Event "2. Online Aktivschach WM"]
[Site "Gruppe A / Chessgate"]
[Date "2006.01.29"]
[Round "4.3"]
[White "R30 V2.2, TASC."]
[Black "Super Forte C 7 Mhz, Novag"]
[Result "1-0"]
[WhiteElo "2405"]
[BlackElo "2019"]
[Annotator "Stefan Ottow"]
[PlyCount "117"]
[EventDate "2006.??.??"]

1. e4 c5 2. Nf3 d6 3. Bb5+ {Eine eher ungewöhnliche Variante.} Bd7 4. Bxd7+
Qxd7 5. c4 Nc6 6. d4 Qg4 $5 {Erster berechneter Zug.} ({
Die Theorie sagt hier eher} 6... cxd4 7. Nxd4 Nf6 8. Nc3 g6 9. f3 Bg7 10. Be3
$14) 7. d5 Qxe4+ 8. Be3 Nd4 9. Qa4+ b5 10. Qa6 Nc2+ 11. Kd1 {
Erster berechneter Zug.} Nxe3+ ({Schlecht ist} 11... Nxa1 $4 {wegen} 12. Qc6+
Kd8 13. Qxa8+ $18) 12. fxe3 Rb8 {Gut gespielt vom Novag-Rechner.} 13. Nbd2 Qg4
$1 ({Besser als} 13... Qxe3 $2 14. Re1 Qf4 15. Ne4 Rd8 16. Qxb5+ $18) 14. Qxa7
Qc8 (14... Qxg2 $4 15. Qxb8+ $18) 15. Re1 Nf6 $5 {Fordert e4 heraus.} ({
Besser vielelicht} 15... Ra8 16. Qb6 Rb8 17. Qa5 g6 18. cxb5 Bg7 (18... Qb7 $6
19. e4 Qxb5 20. Qxb5+ Rxb5 21. e5 $14) 19. Kc2 Qb7 $11) 16. e4 Ra8 17. Qb6 Rb8
18. Qc6+ $1 Qxc6 19. dxc6 bxc4 20. Nxc4 e6 21. Kc2 $6 ({Stärker ist schon jetzt
} 21. e5 dxe5 22. Nfxe5 Nd5 23. a4 $14) 21... Rc8 22. e5 dxe5 (22... d5 {
geht wohl auch:} 23. exf6 dxc4 24. fxg7 Bxg7 25. Ne5 Ke7 26. Nxc4 Rxc6 $14 {
Schwarz hätte in diesem fall alle Figuren im Spiel. Nicht so in dder Partie...}
) 23. Nfxe5 Nd5 24. Rad1 $5 (24. Na5) 24... Nb4+ 25. Kb1 Nxc6 26. Nxc6 $5 (26.
Nb6 Rc7 27. Nd5 {ist eine Remisschaukel, z. B.} exd5 (27... Rc8 28. Nb6 {usw.})
28. Nxc6+ Kd7 29. Ne5+ {usw.}) 26... Rxc6 {
Schwarz hat einen Mehrbauern, aber Entwicklungsprobleme.} 27. Re3 Rc8 $1 {
Prophylaxe um Ra3-a8 zu verhindern.} 28. Rb3 Rc7 $6 {So aber nicht!} ({
Aber möglicherweise gibt es nichts besseres, denn} 28... h5 {
um den Turm ins Spiel zu bringen, scheitert an} 29. Rb7 $1 Rh6 30. Nb6 $1 Rd8
31. Rxd8+ Kxd8 32. a4 $1) 29. Rb8+ $1 {Jetzt ist der R30 auf der Siegerstraße.}
Ke7 30. Rdd8 f6 {Verliert nur die Qualität.} ({
Lange überlegte der SFC an f5. Das wäre aber fatal gewesen:} 30... f5 $2 31.
Re8+ Kf7 32. Rbd8 g5 33. Ne5+ $18) 31. Re8+ Kf7 32. Nd6+ Bxd6 33. Rxh8 Bxh2 34.
Rxh7 Be5 35. Rhh8 Rd7 $6 (35... c4 $1 {ist besser.}) 36. Rhd8 Ra7 37. Ra8 $5 (
37. Rbc8 Bd4 38. Ra8 Rb7 39. Rdb8 Rd7 40. Rf8+ Kg6 {
führt aber auch nicht weiter.}) 37... Rb7 38. Rd2 $6 Bd4 $2 {Der Auftakt zu
einer Reihe von Fehlzügen. Der Novag-Rechner verliert in der Folge den
Überblick und die Partie.} ({Stark war} 38... c4 $1 39. Re2 c3 40. b3 Bd4 41.
g4 e5 {und Schwarz kann sich halten.}) 39. a4 Be3 $2 (39... e5 $1 40. Re2 Rd7 {
ist spielbar.}) 40. Re2 Rb3 $2 ({Immer noch wäre} 40... Bd4 {besser gewesen.})
41. a5 Bd4 42. Ra7+ Kf8 $2 {
Der letzte einer Reihe von Fehlzügen. Der Rest folgt ohne Kommentar.} ({
Spielbar ist noch} 42... Kg6 43. Rd7 Rb5 44. a6 e5 45. a7 Ra5 46. Rc2 c4 47.
Rxc4 Bxa7) 43. Rd7 $1 Ke8 44. Rxg7 Kf8 45. a6 $1 Kxg7 46. a7 Bxb2 47. a8=Q Bd4+
48. Ka2 c4 49. Re4 Rb2+ 50. Ka3 Rb3+ 51. Ka4 Bb2 52. Rg4+ Kf7 {
hier gibt der Super Forte auf.} 53. Qa7+ Kf8 54. Qh7 Ra3+ 55. Kb5 Rb3+ 56. Kc6
Rb6+ 57. Kxb6 Bd4+ 58. Kc6 e5 59. Rg8# 1-0

[Event "2. Online Aktivschach WM"]
[Site "Gruppe A / Chessgate"]
[Date "2006.01.30"]
[Round "4.4"]
[White "Modena, Mephisto"]
[Black "Sapphire, Novag"]
[Result "1-0"]
[WhiteElo "1983"]
[BlackElo "2176"]
[PlyCount "137"]
[EventDate "2006.??.??"]

1. d4 Nf6 2. c4 e6 3. Nc3 Bb4 4. Qc2 c5 5. dxc5 O-O 6. Bf4 Na6 7. Bd6 Re8 8.
Rd1 Qa5 9. a3 Bxc3+ 10. Qxc3 Qxc3+ 11. bxc3 Ne4 12. Nf3 Naxc5 13. Bxc5 Nxc5 14.
e3 Rd8 15. Nd4 a6 16. Be2 d6 17. O-O e5 18. Nf3 Bf5 19. Ng5 f6 20. Nf3 b6 21.
Nd2 Rac8 22. Bf3 Bd3 23. Bd5+ Kh8 24. Rfe1 Bc2 25. Ra1 Re8 26. e4 Rf8 27. Ra2
Bd3 28. h3 a5 29. Rb2 Na4 30. Rb3 Bc2 31. Rb5 Rc7 32. Re3 Rb8 33. Nb3 Bxb3 34.
Rxb3 Nc5 35. Rb1 h6 36. Kh2 Kh7 37. g4 Kg6 38. Kg3 h5 39. h4 hxg4 40. Kxg4 Kh6
41. Rh3 g6 42. h5 f5+ 43. exf5 gxf5+ 44. Kh4 Rg7 45. Rg3 Rxg3 46. fxg3 e4 47.
Rf1 Rf8 48. g4 e3 49. g5+ Kg7 50. Bf3 Kf7 51. Rb1 Na4 52. g6+ Kf6 53. Rg1 Rg8
54. Re1 f4 55. Kg4 Ke5 56. Bd5 Rb8 57. g7 Nxc3 58. g8=Q Rxg8+ 59. Bxg8 Ne4 60.
h6 Nf6+ 61. Kf3 Ne4 62. Rh1 Ng5+ 63. Kg4 Ne4 64. Rh5+ Kd4 65. h7 Nf6+ 66. Kxf4
Nxh7 67. Rxh7 e2 68. Re7 Kd3 69. Kf3 1-0

[Event "2. Online Aktivschach WM"]
[Site "Gruppe A / Chessgate"]
[Date "2006.02.05"]
[Round "5.1"]
[White "Resurrection Deep Sjeng, Phoenix Chess"]
[Black "Monte Carlo IV LE, Mephisto"]
[Result "1-0"]
[WhiteElo "2250"]
[BlackElo "2020"]
[PlyCount "53"]

1. e4 e5 2. Nf3 Nc6 3. Bb5 a6 4. Ba4 Nf6 5. O-O Nxe4 6. d4 b5 7. Bb3 d5 8. dxe5
Be6 9. Nbd2 Nc5 10. c3 d4 11. Bxe6 Nxe6 12. cxd4 Ncxd4 13. a4 b4 14. Nxd4 Nxd4
15. Nb3 Nxb3 16. Qxb3 Bc5 17. Qg3 Kf8 18. Bg5 Qd5 19. Rad1 Qe6 20. Bd8 Bb6 21.
Rd3 Qa2 22. Rd7 Qxa4 23. Rfd1 Qc2 24. Be7+ Ke8 25. Qxg7 Qxf2+ 26. Kh1 Qg1+ 27.
Rxg1 1-0

[Event "2. Online Aktivschach WM"]
[Site "Gruppe A / Chessgate"]
[Date "2006.02.05"]
[Round "5.2"]
[White "Milano Pro, Mephisto"]
[Black "R30 V2.2, TASC."]
[Result "0-1"]
[WhiteElo "2124"]
[BlackElo "2405"]
[PlyCount "114"]
[EventDate "2006.??.??"]

1. e4 e5 2. Nc3 Nf6 3. Bc4 Bb4 4. Nf3 d6 5. d3 Nc6 6. O-O Bxc3 7. bxc3 Na5 8.
Bb3 Nxb3 9. cxb3 O-O 10. Bg5 h6 11. Bh4 Bg4 12. a3 Qe7 13. Re1 c5 14. h3 Bh5
15. a4 Qe6 16. Rb1 Nd7 17. b4 Rfc8 18. b5 d5 19. exd5 Qxd5 20. Re3 f6 21. Qc2
Bg6 22. Rbe1 c4 23. dxc4 Qf7 24. Qd1 Rxc4 25. a5 Rac8 26. R1e2 Rxc3 27. Rxc3
Rxc3 28. b6 axb6 29. Rd2 Qc4 30. Rxd7 Rc1 31. axb6 Rxd1+ 32. Rxd1 Qe6 33. Bg3
Qxb6 34. Ra1 Qc6 35. Ra7 b5 36. Kh2 Be4 37. Ne1 b4 38. Ra2 b3 39. Re2 Qc4 40.
Rd2 Qc1 41. Rd8+ Kf7 42. Nd3 Qf1 43. Ne1 Qxe1 44. Rb8 Qf1 45. f3 Bd5 46. Rb4
Bxf3 47. gxf3 Qe2+ 48. Kg1 Qd1+ 49. Kf2 Qd2+ 50. Kf1 Qxb4 51. Kg2 Qd2+ 52. Bf2
b2 53. h4 b1=Q 54. h5 Qg5+ 55. Kh2 Qxh5+ 56. Bh4 Qxh4+ 57. Kg2 Qbh1# 0-1

[Event "2. Online Aktivschach WM"]
[Site "Gruppe A / Chessgate"]
[Date "2006.02.05"]
[Round "5.3"]
[White "Sapphire, Novag"]
[Black "RISC 2500, Saitek"]
[Result "0-1"]
[WhiteElo "2176"]
[BlackElo "2249"]
[PlyCount "102"]
[EventDate "2006.??.??"]

1. e4 c6 2. d4 d5 3. exd5 cxd5 4. c4 Nf6 5. Nc3 g6 6. Qb3 Bg7 7. cxd5 O-O 8.
Be2 Nbd7 9. Bf3 Nb6 10. Nge2 Bf5 11. Nf4 g5 12. Nfe2 g4 13. Ng3 Bd3 14. Be2
Bxe2 15. Kxe2 Qd7 16. d6 Qxd6 17. Nf5 Qd7 18. Nxg7 Kxg7 19. Be3 Rfd8 20. Rac1
Rac8 21. Qa3 Nbd5 22. h3 gxh3 23. Rxh3 Nxe3 24. fxe3 Qg4+ 25. Kf1 Rxd4 26. exd4
Qf4+ 27. Ke2 Qxc1 28. Rd3 Qc2+ 29. Rd2 Qg6 30. Qxa7 Qxg2+ 31. Ke1 Qh1+ 32. Kf2
Ng4+ 33. Ke2 Qg2+ 34. Kd3 Qf3+ 35. Kc2 Ne3+ 36. Kb3 f5 37. Qa4 Nd5 38. Rc2 Rc6
39. a3 Rb6+ 40. Ka2 Nb4+ 41. axb4 Ra6 42. Qa5 e6 43. Re2 Kf6 44. Re5 Rxa5+ 45.
bxa5 h5 46. Na4 Qd1 47. Nc5 Qxd4 48. a6 Qc4+ 49. Kb1 bxa6 50. Rxe6+ Qxe6 51.
Nxe6 Kxe6 0-1

[Event "2. Online Aktivschach WM"]
[Site "Gruppe A / Chessgate"]
[Date "2006.02.10"]
[Round "5.4"]
[White "Super Forte C 7 Mhz, Novag"]
[Black "Modena, Mephisto"]
[Result "1/2-1/2"]
[WhiteElo "2019"]
[BlackElo "1983"]
[PlyCount "123"]
[EventDate "2006.??.??"]

1. e4 c5 2. Nf3 d6 3. d4 cxd4 4. Nxd4 Nf6 5. Nc3 Nc6 6. Bg5 e6 7. Qd2 Be7 8.
O-O-O O-O 9. Nb3 Qb6 10. f3 Bd7 11. Bxf6 Bxf6 12. Qxd6 Rad8 13. Qc5 Qc7 14. Be2
Rfe8 15. g3 b6 16. Qe3 Nb4 17. f4 Bxc3 18. bxc3 Nc6 19. Nd4 Nxd4 20. cxd4 Ba4
21. Rd2 Rc8 22. c4 Bb5 23. Rc2 Ba4 24. Rb2 Red8 25. h4 a6 26. e5 Bb5 27. Rc2
Ba4 28. Rc3 Qd7 29. f5 Qxd4 30. fxe6 fxe6 31. Rf1 Qxe3+ 32. Rxe3 Rd4 33. Ra3
Bb5 34. Kb1 Bxc4 35. Bxc4 Rdxc4 36. Rxa6 Rb4+ 37. Ka1 h5 38. Rb1 Rxb1+ 39. Kxb1
b5 40. Rxe6 Rc5 41. Re7 Kf8 42. Rb7 Rxe5 43. Kc1 Kg8 44. Kd2 Kh7 45. Kd3 Kh6
46. a3 Kg6 47. Kd4 Rf5 48. Ke4 Rc5 49. Rb6+ Kh7 50. Kd4 Rf5 51. Rc6 g6 52. Rc7+
Kh6 53. Rc5 Rf3 54. Rc3 Rf5 55. Ke4 Kg7 56. Rc2 Kf6 57. Rc6+ Kg7 58. Rc8 Kf7
59. Rb8 Ke6 60. Rb6+ Kf7 61. Ra6 Kg7 62. Rc6 1/2-1/2

[Event "2. Online Aktivschach WM"]
[Site "Gruppe A / Chessgate"]
[Date "2006.02.12"]
[Round "6.1"]
[White "RISC 2500, Saitek"]
[Black "Super Forte C 7 Mhz, Novag"]
[Result "1-0"]
[WhiteElo "2249"]
[BlackElo "2017"]
[PlyCount "33"]
[EventDate "2006.??.??"]

1. e4 e5 2. Nf3 Nc6 3. Bb5 a6 4. Ba4 Nf6 5. O-O Nxe4 6. Re1 Nc5 7. Nc3 Be7 8.
Nd5 Nxa4 9. Nxe5 Na7 10. Nxf7 Kxf7 11. Rxe7+ Kg8 12. Qg4 Qf8 13. Qc4 Qxe7 14.
Nxe7+ Kf8 15. Nd5 Nb5 16. Qxa4 d6 17. Qe4 1-0

[Event "2. Online Aktivschach WM"]
[Site "Gruppe A / Chessgate"]
[Date "2006.02.12"]
[Round "6.2"]
[White "Monte Carlo IV LE, Mephisto"]
[Black "R30 V2.2, TASC."]
[Result "0-1"]
[WhiteElo "2020"]
[BlackElo "2405"]
[PlyCount "90"]
[EventDate "2006.??.??"]

1. e4 e5 2. Nf3 Nf6 3. Nxe5 d6 4. Nf3 Nxe4 5. Qe2 Qe7 6. d3 Nf6 7. Bg5 Qxe2+ 8.
Bxe2 Be7 9. Nc3 c6 10. d4 Bf5 11. O-O-O Nbd7 12. Rhe1 h6 13. Bf4 Be6 14. Bd3
Nb6 15. g3 Kd7 16. h4 Rae8 17. Kb1 Bg4 18. Be2 Kc7 19. Nd2 Bf5 20. Bf3 Ng4 21.
Re2 g5 22. Rde1 Kd7 23. hxg5 hxg5 24. Be3 d5 25. Bxg4 Bxg4 26. f3 Be6 27. f4
Bg4 28. Rf2 Bd6 29. Rff1 f6 30. Rg1 Rh2 31. Nf1 Rh7 32. fxg5 fxg5 33. Nd2 Rg7
34. Nb3 Nc4 35. Bc1 Rxe1 36. Rxe1 Bb4 37. Nc5+ Kc7 38. Ne6+ Bxe6 39. Rxe6 Rf7
40. Ne2 Rf2 41. b3 Kd7 42. Rh6 Na3+ 43. Bxa3 Bxa3 44. Rh7+ Ke6 45. c4 Rxe2 0-1

[Event "2. Online Aktivschach WM"]
[Site "Gruppe A / Chessgate"]
[Date "2006.02.13"]
[Round "6.3"]
[White "Resurrection Deep Sjeng, Phoenix Chess"]
[Black "Sapphire, Novag"]
[Result "1-0"]
[WhiteElo "2250"]
[BlackElo "2176"]
[PlyCount "75"]
[SourceDate "2006.02.13"]

1. d4 g6 2. e4 Bg7 3. c4 d6 4. Nc3 Nf6 5. Nf3 O-O 6. Be2 e5 7. O-O Nc6 8. d5
Ne7 9. b4 Nh5 10. Re1 Bd7 11. c5 Nf6 12. Bd3 a5 13. Rb1 Qc8 14. b5 Bg4 15. h3
Bh5 16. c6 bxc6 17. bxc6 Rb8 18. Rxb8 Qxb8 19. g4 Nxg4 20. hxg4 Bxg4 21. Ba3 f5
22. Be2 fxe4 23. Ng5 Bf5 24. Bg4 Qa7 25. Ncxe4 Bh6 26. Ne6 Bxe4 27. Nxf8 Bxd5
28. Be6+ Bxe6 29. Nxe6 Nxc6 30. Qb3 Qb6 31. Qd5 Kh8 32. Qh1 Bd2 33. Qf3 Bh6 34.
Bc1 g5 35. Qh5 Qxf2+ 36. Kxf2 Ne7 37. Qxh6 c5 38. Qg7# 1-0

[Event "2. Online Aktivschach WM"]
[Site "Gruppe A / Chessgate"]
[Date "2006.02.13"]
[Round "6.4"]
[White "Modena, Mephisto"]
[Black "Milano Pro, Mephisto"]
[Result "0-1"]
[WhiteElo "1983"]
[BlackElo "2124"]
[PlyCount "48"]
[EventDate "2006.02.13"]
[SourceDate "2006.02.13"]

1. e4 e5 2. Nf3 Nc6 3. Bc4 Bc5 4. c3 Nf6 5. d3 d6 6. b4 Bb6 7. a4 a5 8. b5 Ne7
9. Qb3 O-O 10. Nbd2 Ng6 11. O-O Nf4 12. d4 d5 13. exd5 exd4 14. Ba3 dxc3 15.
Bxf8 cxd2 16. Ba3 Ne4 17. d6 Qf6 18. Bb2 Qg6 19. Nh4 Qg5 20. Bxf7+ Kh8 21. g3
Nxf2 22. Rxf2 Nh3+ 23. Kf1 Nxf2 24. dxc7 d1=R+ 0-1

[Event "2. Online Aktivschach WM"]
[Site "Gruppe A / Chessgate"]
[Date "2006.02.13"]
[Round "7.1"]
[White "Sapphire, Novag"]
[Black "Monte Carlo IV LE, Mephisto"]
[Result "1-0"]
[WhiteElo "2176"]
[BlackElo "2020"]
[PlyCount "81"]
[EventDate "2006.02.13"]
[SourceDate "2006.02.13"]

1. e4 e5 2. Nf3 Nf6 3. d4 Nxe4 4. Bd3 d5 5. Nxe5 Bd6 6. O-O O-O 7. c4 Bxe5 8.
dxe5 Nc6 9. Bf4 Nb4 10. Na3 Bf5 11. Bb1 c6 12. Qe1 Qb6 13. Be3 d4 14. Bxe4 Bxe4
15. c5 Qxc5 16. Bd2 Nc2 17. Qxe4 Nxa1 18. b4 Qd5 19. Qxd5 cxd5 20. Rxa1 Rae8
21. Nb5 Rxe5 22. Nxd4 Rc8 23. Be3 Re4 24. a3 a6 25. Kf1 f6 26. Ke2 Rce8 27. Kd3
Kf7 28. Rc1 Rg4 29. Rc7+ Re7 30. Rxe7+ Kxe7 31. g3 Rg6 32. f3 f5 33. Nxf5+ Ke6
34. g4 Kf7 35. Kd4 Ke6 36. Bf4 h5 37. h3 hxg4 38. hxg4 Kf7 39. Kxd5 b6 40. Bc7
b5 41. Be5 1-0

[Event "2. Online Aktivschach WM"]
[Site "Gruppe A / Chessgate"]
[Date "2006.02.20"]
[Round "7.2"]
[White "R30 V2.2, TASC."]
[Black "Modena, Mephisto"]
[Result "1-0"]
[WhiteElo "2405"]
[BlackElo "1983"]
[PlyCount "89"]
[EventDate "2006.??.??"]

1. d4 c6 2. c4 d5 3. Nf3 Nf6 4. Nc3 e6 5. e3 Nbd7 6. Bd3 dxc4 7. Bxc4 b5 8. Bd3
Bb7 9. O-O a6 10. e4 c5 11. d5 exd5 12. exd5 Be7 13. Re1 O-O 14. Bf4 Nb6 15. d6
Bxf3 16. dxe7 Bxd1 17. exd8=Q Raxd8 18. Raxd1 Nfd5 19. Nxd5 Nxd5 20. Bg5 f6 21.
Be4 Nb6 22. Bf4 Rxd1 23. Rxd1 c4 24. Re1 Na4 25. Bd5+ Kh8 26. Bd6 Rd8 27. Bc7
Rf8 28. b3 Nb2 29. bxc4 bxc4 30. Re2 c3 31. Ba5 Nd3 32. g3 Rc8 33. Rc2 Ne5 34.
Rxc3 Rb8 35. f4 Nd7 36. Rc7 Nf8 37. Ra7 Rb5 38. Ra8 g6 39. Rxf8+ Kg7 40. Rf7+
Kh6 41. Bc3 Rxd5 42. g4 a5 43. Bxf6 Rd1+ 44. Kf2 Rd2+ 45. Ke3 1-0

[Event "2. Online Aktivschach WM"]
[Site "Gruppe A / Chessgate"]
[Date "2006.02.22"]
[Round "7.3"]
[White "Super Forte C 7 Mhz, Novag"]
[Black "Resurrection Deep Sjeng, Phoenix Chess"]
[Result "1/2-1/2"]
[WhiteElo "2019"]
[BlackElo "2250"]
[PlyCount "123"]

1. d4 Nf6 2. c4 g6 3. Nc3 Bg7 4. e4 d6 5. f4 O-O 6. Nf3 Na6 7. Be2 c5 8. e5 Ng4
9. h3 Nh6 10. d5 Bd7 11. O-O Nf5 12. Kh2 Qb6 13. Ne4 Rad8 14. g4 Nd4 15. Nxd4
cxd4 16. exd6 exd6 17. Qb3 Qc7 18. Qf3 f5 19. gxf5 Bxf5 20. Ng3 Bc2 21. Ne4
Rfe8 22. Nf2 Nb4 23. Bd2 d3 24. Nxd3 Rxe2+ 25. Qxe2 Bxd3 26. Qe6+ Kh8 27. Bxb4
Bxf1 28. Rxf1 Qxc4 29. Bc3 Bxc3 30. bxc3 Qxc3 31. Qe7 Qc8 32. f5 Rd7 33. Qf6+
Rg7 34. Rf2 Qd7 35. fxg6 hxg6 36. Re2 Kh7 37. a3 b6 38. Re4 a6 39. Qf8 g5 40.
Re8 Qc7 41. Qh8+ Kg6 42. Re6+ Kf5 43. Qf8+ Rf7 44. Qxd6 Qxd6+ 45. Rxd6 Rb7 46.
Kg3 Ke5 47. Rg6 Kxd5 48. Rxg5+ Kc4 49. h4 Kb3 50. Kg4 Kxa3 51. h5 a5 52. h6 Kb4
53. Rh5 Rb8 54. Kf5 Rc8 55. h7 Rh8 56. Kf6 a4 57. Kg7 Rxh7+ 58. Rxh7 a3 59.
Rh4+ Kb3 60. Rh3+ Kb2 61. Rh6 a2 62. Rxb6+ 1/2-1/2

[Event "2. Online Aktivschach WM"]
[Site "Gruppe A / Chessgate"]
[Date "2006.02.22"]
[Round "7.4"]
[White "Milano Pro, Mephisto"]
[Black "RISC 2500, Saitek"]
[Result "1/2-1/2"]
[WhiteElo "2124"]
[BlackElo "2249"]
[PlyCount "75"]
[EventDate "2006.??.??"]

1. e4 c6 2. c4 d5 3. cxd5 cxd5 4. exd5 Nf6 5. d4 Nxd5 6. Nf3 e6 7. Nc3 Be7 8.
Bb5+ Bd7 9. Bxd7+ Qxd7 10. Ne5 Qd6 11. O-O Nc6 12. Ne4 Qc7 13. Nxc6 Qxc6 14.
Bg5 Bxg5 15. Nxg5 Rc8 16. Rc1 Qxc1 17. Qxc1 Rxc1 18. Rxc1 Ke7 19. Kf1 h6 20.
Ne4 Rd8 21. a4 g6 22. b3 Rd7 23. h3 b6 24. g3 Nf6 25. Nxf6 Kxf6 26. Rc4 Kf5 27.
Ke2 Ke4 28. f3+ Kd5 29. Kd3 h5 30. Rc8 a6 31. b4 Ra7 32. f4 Kd6 33. Rd8+ Kc7
34. Rf8 Kc6 35. Rc8+ Kd6 36. Rd8+ Kc7 37. Rf8 Kd6 38. Rd8+ 1/2-1/2